000 00636nam a2200241Ia 4500
003 OSt
005 20220924143554.0
006 a|||||r|||| 00| 0
007 ta
008 220923b |||||||| |||| 00| 0 urd d
024 _a309032
037 _cTextual
040 _aARTS
_cARTS
_burd
041 _2urd
_aurd
082 _aO155,3NMK,1, 168M0
100 _aKarnak
_9216334
245 0 _aMahim ki khadi
260 _c1980
650 _aMARATHI LITERATURE
_938000
700 _a Razzaq Salam Tr.
_9216335
942 _hO155,3NMK,1, 168M0
_cTEXL
_2CC
999 _c455041
_d455041